Top 50 Classement FIFA (10 juillet 2025) - Statistiques

Statistiques générales
  • Ce quiz a été pris 451 fois
  • Le résultat moyen est 36 sur 50
Statistiques - réponses
Place Equipe Points % Correct
1 Argentine 1885
100%
3 France 1862
100%
2 Espagne 1867
99%
5 Brésil 1778
98%
12 Maroc 1699
95%
4 Angleterre 1813
94%
6 Portugal 1771
94%
9 Allemagne 1717
93%
8 Belgique 1736
91%
15 Etats-Unis 1671
91%
11 Italie 1703
91%
36 Algérie 1504
90%
29 Suède 1545
87%
7 Pays-Bas 1758
86%
17 Japon 1641
85%
28 Canada 1549
83%
13 Mexique 1690
83%
33 Norvège 1519
83%
19 Suisse 1635
82%
18 Sénégal 1635
81%
14 Colombie 1679
79%
10 Croatie 1708
79%
37 Pologne 1502
79%
35 Russie 1519
78%
16 Uruguay 1671
76%
24 Australie 1579
74%
21 Danemark 1621
71%
26 Ukraine 1557
71%
23 Corée du Sud 1587
70%
27 Turquie 1553
70%
34 Egypte 1519
69%
49 Tunisie 1471
66%
22 Autriche 1591
62%
39 Grèce 1498
62%
47 Ecosse 1475
58%
32 Serbie 1523
58%
38 Hongrie 1501
57%
45 Cote d'Ivoire 1483
56%
42 Pérou 1490
56%
50 Slovénie 1470
54%
25 Equateur 1571
51%
48 Roumanie 1474
50%
41 Tchéquie 1492
50%
44 Nigéria 1484
49%
20 Iran 1624
48%
31 Pays de Galles 1529
47%
43 Paraguay 1487
44%
40 Costa Rica 1494
40%
46 Vénézuela 1477
39%
30 Panama 1545
33%
Aucun quiz correspondant
Distribution des résultats
% des personnes avec chaque résultat
Percentile par nombre de réponses
Votre historique - résultats
Vous n’avez pas pris ce quiz